000 01643nam a2200493 a 4500
003 AR-BaBNM
005 20251128204527.0
008 082120s2002 ||||||||||||||000 | spa||
040 _cAR-BaBNM
245 0 0 _aOrientación escolar y educacional
260 _aBuenos Aires
_bPaidós
_c1964-1966
300 _a720 p.
_bgráfs., tablas
490 0 _aNueva enciclopedia pedagógica del educador. Didáctica escolar
_vV. 14
500 _aContenido: La orientación escolar - Higiene mental del niño - Guiando al niño en la escuela - Como estudiar la conducta de los niños - Como ayudar a los niños a aceptarse a si mismos y a aceptar a los demás - Como informar a los padres
504 _aContiene bibliografía
650 4 _aHIGIENE
650 4 _aFORMACION DE HABITOS
650 4 _aEDUCACION SEXUAL
650 4 _aPROBLEMAS EMOCIONALES
650 4 _aACTIVIDADES DE LA CLASE
650 4 _aMADUREZ
650 4 _aTRABAJO EN EQUIPO
650 4 _aROL DEL DOCENTE
650 4 _aCONDUCTA INFANTIL
650 4 _aPSICOLOGIA EVOLUTIVA
650 4 _aIDENTIDAD
650 4 _aADAPTACION SOCIAL
650 4 _aRELACION PADRES-DOCENTE
650 4 _aRESPONSABILIDAD DEL NIÑO
650 4 _aRESPONSABILIDAD DEL DOCENTE
650 4 _aCOMPRENSION
653 _aORIENTACION EDUCATIVA
653 _aEDUCACION INICIAL
653 _aEDUCACION PRIMARIA
653 _aEDUCACION SECUNDARIA
700 1 _aStrang, Ruth
700 1 _aMorris, Glyn
700 1 _aBühler, Charlotte
700 1 _aDriscoll, Gertrude
700 1 _aGillham, Helen L.
700 1 _aBernstein, Jaime
_erevisión
942 _cBK
998 _cGrace
999 _c7783
_d7783